000 00594nam a22002297a 4500
003 UA-OsUOA
001 39452
007 ta
008 20060619b un ||||| |||| 00| 0 ukr d
090 _a347.6(094.4)
_bУ45
942 _cBK
040 _aUA-OsUOA
_bukr
_cUA-OsUOA
_dUA-OsUOA
245 _aСімейний кодекс України
300 _a184 с.
955 _a2
041 _aukr
080 _a347.6(094.4)
020 _a966-313-090-3
260 _aК.
_bІн Юре
_c2004
650 7 _a347 Цивільне право. Судовий устрій
_2UDC
999 _c325596
_d325596